عرض عادي
عرض مارك
- Humanities
مدخل مصطلح موضوعي
001 - رقم الضبط
- حقل الضبط: 38836
003 - معرف رقم الضبط
- حقل الضبط: OSt
005 - تاريخ ووقت أخر عملية
- حقل الضبط: 20131101182146.0
008 - عناصر بيانات ثابتة الطول
- حقل تحكم ثابت الطول: 131101|||a|||||| | ||| d
040 ## - مصدر الفهرسة
- هيئة الفهرسة الأصلية: OSt
- وكالة الكتابة: OSt
150 ## - مدخل-- مصطلح تاريخي
- عنصر مدخل المصطلح الموضوعي او الاسم الجغرافي: Humanities
- تفريع عام: Research
- تفريع عام: Methodology.
670 ## - بيانات المصدر موجوده
- الاستشهاد بالمصدر: Work cat.: (OSt)0: Walliman, Nicholas. 38835, Research methods :, 2011.
